000 00397nam a22001697a 4500
005 20160615163216.0
008 160615b xxu||||| |||| 00| 0 eng d
020 _a81-297-0807-X
041 _aeng
082 _b7863
100 _aShenkar, Oded
_92030
245 _aThe Chinese Century
260 _aDelhi
_bpearson education
_c2005
300 _a176
650 _aManagement
_9241
942 _cBK
999 _c2834
_d2833